[Event "Challenge"]
[Site "http://www.queenalice.com/game.php?id=750538"]
[Date "2010.3.23"]
[Round "-"]
[White "lorenzaassuncao"]
[Black "Lacey12"]
[Result "1-0"]
[WhiteElo "1149"]
[BlackElo "1783"]

1. Nf3 d5 2. b4 Nf6 3. e3 b6 4. Bb5+ Bd7 5. Bxd7+ Nfxd7 6. Nc3 Nf6 7. d3 e6 8.
Nb5 Bxb4+ 9. Bd2 Be7 10. O-O O-O 11. Nfd4 a6 12. Nc3 c5 13. Na4 cxd4 14. exd4 b5
15. Nc5 Qc7 16. g3 Bxc5 17. dxc5 Qxc5 18. Bf4 Nc6 19. h4 h6 20. a3 e5 21. Be3 d4
22. Bd2 Qd5 23. c3 Rfe8 24. c4 bxc4 25. dxc4 Qxc4 26. Rc1 Qd5 27. g4 e4 28. a4
e3 29. fxe3 dxe3 30. Bxe3 Qe4 31. Qe1 1-0

[Event "Challenge"]
[Site "http://www.queenalice.com/game.php?id=750539"]
[Date "2010.3.23"]
[Round "-"]
[White "Lacey12"]
[Black "lorenzaassuncao"]
[Result "1-0"]
[WhiteElo "1781"]
[BlackElo "1158"]

1. d4 Nf6 2. Nc3 g6 3. e4 c5 4. dxc5 Nc6 5. Be3 Qa5 6. a3 h5 7. b4 Nxb4 8. axb4
Qxb4 9. Bd4 Bg7 10. Rb1 g5 11. Rxb4 Ng4 12. Bxg7 Rg8 13. Bd4 b6 14. Nb5 Kd8 15.
cxb6 axb6 16. Bxb6+ Ke8 17. Nc7+ Kf8 18. Nxa8 e6 19. Bc5+ Kg7 20. h3 Ne5 21.
Qxh5 f6 22. Nb6 d6 23. Nxc8 Rxc8 24. Rb7+ Kg8 25. Qh7+ Kf8 26. Qh8# 1-0

[Event "Challenge"]
[Site "http://www.queenalice.com/game.php?id=750540"]
[Date "2010.3.23"]
[Round "-"]
[White "audrey1552"]
[Black "Lacey12"]
[Result "1-0"]
[WhiteElo "1568"]
[BlackElo "1761"]

1. d4 d5 2. Nf3 Nc6 3. e3 e6 4. Bb5 Bd7 5. O-O a6 6. Bxc6 Bxc6 7. Nbd2 Nf6 8. b3
Bd6 9. Bb2 O-O 10. Ne5 Bb5 11. Re1 h6 12. a4 Be8 13. Bc3 c5 14. Ndf3 Ne4 15. Bb2
b5 16. dxc5 Bxc5 17. Nd3 Bd6 18. Qc1 Qc7 19. Rd1 b4 20. a5 Rc8 21. Bd4 Qxc2 22.
Qxc2 Rxc2 23. Nfe1 Rc8 24. f3 Nc3 25. Rd2 Rc6 26. Kf2 f6 27. g3 e5 28. Bb6 e4
29. Nf4 Bf7 30. Nc2 Rfc8 31. Nd4 Bxf4 32. Nxc6 Rxc6 33. gxf4 Bh5 34. Rd4 Bxf3
35. Rxb4 Nd1+ 36. Kg3 Nxe3 37. Bxe3 Rc2 38. Rg1 h5 39. h4 Rc3 40. Re1 Rc2 41.
Rg1 Kh7 42. Bd4 Bg4 43. Rg2 Rc1 44. Rb6 Rd1 45. Bc5 1-0

[Event "Challenge"]
[Site "http://www.queenalice.com/game.php?id=750973"]
[Date "2010.3.24"]
[Round "-"]
[White "AliceCullem"]
[Black "Lacey12"]
[Result "1-0"]
[WhiteElo "1673"]
[BlackElo "1834"]

1. d4 d5 2. c4 c5 3. e3 e6 4. Nf3 b6 5. Nc3 Nf6 6. Bd3 Bb7 7. O-O Be7 8. h3 O-O
9. Qc2 g6 10. cxd5 exd5 11. Ne5 Kg7 12. Qd2 Bd6 13. f4 Nc6 14. b3 cxd4 15. exd4
Nxd4 16. Bb2 Bc5 17. Kh1 Nh5 18. Ne2 Nxe2 19. Nc6+ d4 20. Nxd8 Nexf4 21. Nxb7
Rfe8 22. Rxf4 Nxf4 23. Qxf4 Re7 24. Nxc5 bxc5 25. b4 Rae8 26. bxc5 f6 27. Bxd4
Rf7 28. Rf1 Rd8 29. Bxf6+ Kf8 30. Bg7+ 1-0

[Event "Girl Please! If guy i'l not play"]
[Site "http://www.queenalice.com/game.php?id=750978"]
[Date "2010.3.24"]
[Round "-"]
[White "Lacey12"]
[Black "Demig"]
[Result "0-1"]
[WhiteElo "1826"]
[BlackElo "1402"]

1. d4 d5 2. e3 b6 3. Bd3 Nf6 4. Nf3 g6 5. O-O Bh6 6. Nc3 O-O 7. Ne5 Be6 8. b3
Bg4 9. Nxg4 Nxg4 10. Qxg4 Nd7 11. Nxd5 Nc5 12. Nf6+ exf6 13. dxc5 bxc5 14. Ba3
Qd6 15. Qc4 Rfb8 16. Bxc5 Qc6 17. Be4 Rb4 18. Qxb4 Qxe4 19. Qxe4 Rb8 0-1

[Event "Girl Please! If guy i'l not play"]
[Site "http://www.queenalice.com/game.php?id=750980"]
[Date "2010.3.24"]
[Round "-"]
[White "Demig"]
[Black "Lacey12"]
[Result "1-0"]
[WhiteElo "1372"]
[BlackElo "1856"]

1. e4 e5 2. g3 Nc6 3. Nf3 d6 4. Bd3 Be6 5. O-O Nf6 6. Qe2 Be7 7. c4 O-O 8. Nc3
Nd4 9. Qe3 Nxf3+ 10. Qxf3 Bg4 11. Qe3 h6 12. a4 Bh3 13. Re1 Ng4 14. Qe2 Bg5 15.
f3 Nf6 16. b4 c6 17. Nd1 Qb6+ 18. Ne3 1-0

[Event "Challenge"]
[Site "http://www.queenalice.com/game.php?id=751240"]
[Date "2010.3.24"]
[Round "-"]
[White "Lacey12"]
[Black "Crhis"]
[Result "1-0"]
[WhiteElo "1768"]
[BlackElo "1163"]

1. d4 d5 2. Nf3 Bf5 3. Nc3 e6 4. e3 Bb4 5. Bd2 Nf6 6. Ne5 O-O 7. a3 Nc6 8. axb4
a6 9. Be2 b6 10. Nxc6 Qd7 11. Ne5 Qd6 12. b5 axb5 13. Nxb5 Qe7 14. O-O c6 15.
Nxc6 Qe8 16. Rxa8 Qxa8 17. Ne7+ Kh8 18. Nxf5 Qa6 19. Nc3 exf5 20. Bxa6 Rd8 21.
Qe2 Ra8 22. Bb7 Rd8 23. Qf3 g6 24. Nxd5 Nxd5 25. Bxd5 Rf8 26. e4 fxe4 27. Qxe4
Rd8 28. Qe5+ Kg8 29. Bh6 b5 30. Qg7# 1-0

[Event "Challenge"]
[Site "http://www.queenalice.com/game.php?id=751506"]
[Date "2010.3.25"]
[Round "-"]
[White "lucianeboth"]
[Black "Lacey12"]
[Result "1-0"]
[WhiteElo "1345"]
[BlackElo "1761"]

1. e4 e5 2. Nf3 Nc6 3. c3 d6 4. Bb5 Bd7 5. d3 a6 6. Bc4 h6 7. d4 exd4 8. cxd4
Nf6 9. Nc3 b5 10. Bd3 Bg4 11. h3 Bd7 12. Nh4 Be7 13. Nf5 Bxf5 14. exf5 O-O 15.
g4 Nxd4 16. Be3 Nc6 17. f3 Ne5 18. Bd4 c5 19. Be3 c4 20. Be4 d5 21. Bc2 Bb4 22.
a3 d4 23. Bxd4 Qxd4 24. Qxd4 Nxf3+ 25. Kf2 Nxd4 26. Bd1 1-0

[Event "Lacey12"]
[Site "http://www.queenalice.com/game.php?id=761907"]
[Date "2010.4.16"]
[Round "3"]
[White "audrey1552"]
[Black "Lacey12"]
[Result "0-1"]
[WhiteElo "1636"]
[BlackElo "1770"]

1. d4 d5 2. Nf3 Nc6 3. e3 e6 4. Bd2 Nf6 5. Nc3 Bd6 6. Qe2 a6 7. O-O-O O-O 8. a3
b5 9. Nb1 b4 10. axb4 Nxb4 11. h3 Na2# 0-1

[Event "Challenge"]
[Site "http://www.queenalice.com/game.php?id=853375"]
[Date "2010.11.1"]
[Round "-"]
[White "Lacey12"]
[Black "Marlu"]
[Result "1-0"]
[WhiteElo "1739"]
[BlackElo "1433"]

1. d4 d5 2. Nf3 Nc6 3. e3 Bf5 4. Bd3 e6 5. O-O Bd6 6. a3 h6 7. Bxf5 exf5 8. Nc3
Nf6 9. b4 a6 10. Bb2 O-O 11. b5 Na5 12. Ne5 axb5 13. Nxb5 Bxe5 14. dxe5 Nd7 15.
Qf3 Nc4 16. e6 fxe6 17. Bc3 b6 18. Qg3 g5 19. Qxc7 Qe7 20. Bb4 Qf7 21. Bxf8 Rxf8
22. a4 Qg7 23. Nd4 Rf7 24. Nxe6 Qf6 25. Nd4 f4 26. Nb3 g4 27. exf4 Kg7 28. g3
Kg6 29. Rfd1 Qf5 30. Nd4 Qe4 31. Qc6+ Kg7 32. Ne6+ Kh7 33. Rxd5 Nf6 34. Nd8 Rf8
35. Rd7+ Nxd7 36. Qxe4+ Kg7 37. Ne6+ Kg8 38. Qg6+ Kh8 39. Qg7# 1-0

[Event "Challenge"]
[Site "http://www.queenalice.com/game.php?id=911853"]
[Date "2011.3.12"]
[Round "-"]
[White "Susana"]
[Black "Lacey12"]
[Result "1-0"]
[WhiteElo "1609"]
[BlackElo "1755"]

1. e4 e5 2. Bc4 Nc6 3. d3 d6 4. Nc3 Nf6 5. Nf3 Bg4 6. h3 Be6 7. Bxe6 fxe6 8. Bg5
Be7 9. Bxf6 Bxf6 10. O-O O-O 11. a3 Nd4 12. Nxd4 exd4 13. Ne2 e5 14. Ng3 g6 15.
Qg4 Kh8 16. Qd1 Qd7 17. b4 Rf7 18. Qd2 Raf8 19. Nh1 Qd8 20. Qe2 Bg5 21. b5 Qd7
22. a4 Qe6 23. Qg4 Qf6 24. Ra2 h5 25. Qe2 Qe6 26. Raa1 d5 27. exd5 Qxd5 28. Ng3
Bh4 29. Qe4 Qxe4 30. Nxe4 Be7 31. Nd2 Kg7 32. Rac1 Bg5 33. Rcd1 Bxd2 34. Rxd2 c5
35. bxc6 bxc6 36. Rb1 Rc7 37. Rb3 c5 38. c3 dxc3 39. Rxc3 1-0

[Event "Challenge"]
[Site "http://www.queenalice.com/game.php?id=911884"]
[Date "2011.3.12"]
[Round "-"]
[White "Pawngal"]
[Black "Lacey12"]
[Result "0-1"]
[WhiteElo "1316"]
[BlackElo "1739"]

1. e4 e5 2. Nf3 Nc6 3. Nc3 d6 4. Bc4 Nf6 5. O-O Be6 6. Bxe6 fxe6 7. d3 Be7 8.
Bg5 h6 9. Bh4 O-O 10. a3 Nd4 11. Nxd4 exd4 12. Nb5 e5 13. c3 a6 14. Nxd4 exd4
15. cxd4 Kh8 16. e5 Nd5 17. Bxe7 Qxe7 18. exd6 Qxd6 19. b4 Nc3 20. Qe1 Nb5 21.
a4 Nxd4 22. b5 Nc2 23. Qe4 Nxa1 24. Rxa1 axb5 25. f3 Rxa4 26. d4 Rxa1+ 27. Kf2
Ra2+ 28. Kf1 Qxh2 29. d5 Qh1# 0-1

[Event "Challenge"]
[Site "http://www.queenalice.com/game.php?id=912230"]
[Date "2011.3.13"]
[Round "-"]
[White "Racey"]
[Black "Lacey12"]
[Result "0-1"]
[WhiteElo "1465"]
[BlackElo "1750"]

1. e4 e5 2. Nf3 Nc6 3. g4 d5 4. Bd3 Bxg4 5. Nc3 d4 6. Nd5 Nge7 7. h3 Bh5 8. b4
Nxd5 9. exd5 Qxd5 10. b5 Bxf3 11. Be2 Bxh1 12. a4 Ne7 13. Bh5 d3 14. c3 Qe4+ 15.
Kf1 Qg2+ 16. Ke1 Qg1# 0-1

[Event "Challenge"]
[Site "http://www.queenalice.com/game.php?id=912233"]
[Date "2011.3.13"]
[Round "-"]
[White "nuage"]
[Black "Lacey12"]
[Result "0-1"]
[WhiteElo "1511"]
[BlackElo "1743"]

1. Nf3 d5 2. d3 Nc6 3. g3 e5 4. Bg2 Nf6 5. O-O Bd6 6. Bg5 h6 7. Bxf6 Qxf6 8. Nc3
Be6 9. e4 d4 10. Nd5 Bxd5 11. exd5 Na5 12. Re1 O-O 13. Qd2 b6 14. b4 Nb7 15. a3
c5 16. bxc5 Nxc5 17. Qc1 a5 18. Rf1 Rad8 19. Nd2 Na4 20. Ne4 Qe7 21. Bh3 Bc7 22.
Re1 Rxd5 23. Bg2 Rd7 24. Bh3 f5 25. Nd2 Rd6 26. Nc4 Rg6 27. f4 Qc5 28. fxe5 b5
29. Nd6 Bxd6 30. exd6 Qxd6 31. Rf1 Nc3 32. Qd2 h5 33. Bxf5 Rgf6 34. Qg5 Qd5 35.
Rae1 Rxf5 36. Rxf5 Qxf5 37. Qxf5 Rxf5 38. Re8+ Kf7 39. Rb8 Ne2+ 40. Kg2 a4 41.
Rb7+ Kg6 42. Rb6+ Kh7 43. h3 Rc5 44. Kf2 Rxc2 45. Rxb5 Nc3+ 46. Kf3 Nxb5 47. Ke4
Rc3 48. Kf4 Rxd3 49. Ke4 Rxa3 50. Kf4 d3 51. Ke3 Rc3 52. Kd2 a3 53. g4 hxg4 54.
hxg4 a2 55. g5 a1=Q 56. Ke3 Qe1+ 57. Kf4 Rc2 58. Kf5 Rf2+ 59. Kg4 Qg1+ 60. Kh5
Rh2# 0-1

[Event "Challenge"]
[Site "http://www.queenalice.com/game.php?id=912238"]
[Date "2011.3.13"]
[Round "-"]
[White "Lacey12"]
[Black "Tachin"]
[Result "1-0"]
[WhiteElo "1733"]
[BlackElo "1331"]

1. d4 d5 2. Nf3 e6 3. e3 f5 4. Ne5 Qf6 5. Nc3 a6 6. Be2 g6 7. O-O Nc6 8. f4 h6
9. Nxg6 Bg7 10. Nxh8 Bxh8 11. Bh5+ Ke7 12. Rf3 b5 13. a3 b4 14. Na4 bxa3 15.
Rxa3 Rb8 16. Bd2 a5 17. Rh3 Kd6 18. Qe1 Ba6 19. Nc5 Bb5 20. Bxa5 Nge7 21. Bb4
Qg7 22. Na6+ Kd7 23. Nxb8+ Nxb8 24. Rg3 Qh7 25. Ra8 Nec6 26. Qc3 Bf6 27. Rg6 Be7
28. Bxe7 Qxe7 29. Rg8 Na6 30. Be8+ Kd6 31. Rxa6 Bxa6 32. Qc5# 1-0

[Event "Challenge"]
[Site "http://www.queenalice.com/game.php?id=912552"]
[Date "2011.3.14"]
[Round "-"]
[White "tana"]
[Black "Lacey12"]
[Result "1-0"]
[WhiteElo "1875"]
[BlackElo "1743"]

1. e4 e5 2. Nf3 Nc6 3. Bc4 Nf6 4. Nc3 Bb4 5. O-O O-O 6. a3 Be7 7. d4 exd4 8.
Nxd4 d6 9. Re1 Ng4 10. h3 Nge5 11. Bd5 Nxd4 12. Qxd4 Bf6 13. Qe3 c6 14. Bb3 Be6
15. Ne2 Re8 16. Nd4 c5 17. Nxe6 fxe6 18. Bd2 d5 19. Qxc5 b6 20. Qe3 Rc8 21. Ba4
Re7 22. Bb4 Rec7 23. Bc3 Nc4 24. Qg3 Nxb2 25. Bxf6 Qxf6 26. e5 Qf5 27. Bb3 Nc4
28. Qg4 Rf7 29. Qxf5 Rxf5 30. Bxc4 Rxc4 31. Rac1 Rc3 32. a4 Rc4 33. g4 Rf3 34.
Kg2 Ra3 35. Ra1 Rcxa4 36. Rxa3 Rxa3 37. Rb1 Rc3 38. Rb2 Kf7 39. f4 d4 40. Ra2 a5
41. Rb2 Rc6 42. Kf3 a4 43. h4 Ke7 44. Ke4 Kd7 45. Kxd4 Kc7 46. c4 Rc5 47. Rb4
Ra5 48. Rb1 Kc6 49. f5 exf5 50. gxf5 a3 51. Ra1 a2 52. h5 Kd7 53. e6+ Ke7 54.
Ke4 Kf6 55. Kd4 Rxf5 56. Rxa2 Kxe6 57. Ra6 Rxh5 58. Rxb6+ Kf5 59. Rb5+ Kg6 60.
Rxh5 Kxh5 61. c5 g5 62. c6 g4 63. c7 g3 64. c8=Q Kh4 65. Ke4 h5 66. Kf4 g2 67.
Qc5 g1=Q 68. Qxg1 1-0

[Event "Hello "]
[Site "http://www.queenalice.com/game.php?id=938822"]
[Date "2011.5.16"]
[Round "-"]
[White "Lacey12"]
[Black "LOTRfanatic"]
[Result "1-0"]
[WhiteElo "1741"]
[BlackElo "1109"]

1. d4 d5 2. Nf3 Nc6 3. e3 e5 4. dxe5 d4 5. exd4 Bg4 6. d5 Nd4 7. Nc3 Bc5 8. Be2
Bf5 9. Nxd4 c6 10. Nxf5 Qg5 11. Bxg5 f6 12. O-O O-O-O 13. exf6 gxf6 14. Bh4 cxd5
15. Nxd5 b5 16. c3 h5 17. Bxb5 a6 18. Bxa6+ Kb8 19. Re1 Ne7 20. Nfxe7 Rhe8 21.
Nc6+ 1-0